Normal view
MARC view
- Urdu literature – History and criticism
Entry Topical Term
001 - CONTROL NUMBER
- control field: 129462
003 - CONTROL NUMBER IDENTIFIER
- control field: NUST
005 - DATE AND TIME OF LATEST TRANSACTION
- control field: 20250708123909.0
008 - FIXED-LENGTH DATA ELEMENTS
- fixed length control field: 250708|| aca||aabn | a|a d
040 ## - CATALOGING SOURCE
- Original cataloging agency: NUST
- Transcribing agency: NUST
150 ## - HEADING--TOPICAL TERM
- Topical term or geographic name entry element: Urdu literature – History and criticism
670 ## - SOURCE DATA FOUND
- Source citation: Work cat.: (NUST): Saleem Akhtar,Dr 68219, Adab aur Culture, 2012.
